[Event "Warsaw Maciei Memorial"]
[Site "Warsaw"]
[Date "2023.07.10"]
[Round "3"]
[White "Kaminski, Maciej1111"]
[Black "Szarfemberg, Pawel"]
[Result "1-0"]
[WhiteElo "1917"]
[BlackElo "1593"]
[PlyCount "55"]
[EventDate "2023.07.10"]
[EventType "swiss (blitz)"]
[EventRounds "11"]
[EventCountry "POL"]
[SourceTitle "CBM 215 Extra"]
[Source "ChessBase"]
[SourceDate "2023.09.30"]
[SourceVersion "1"]
[SourceVersionDate "2023.09.30"]
[SourceQuality "1"]

1. e4 c5 2. Nf3 Nc6 3. d4 cxd4 4. Nxd4 Nf6 5. Nc3 e5 6. Ndb5 d6 7. Bg5 a6 8. Na3 b5 9. Bxf6 gxf6 10. Nd5 Be7 11. c3 f5 12. Nxe7 Qxe7 13. Qd5 Bb7 14. Bxb5 axb5 15. Nxb5 Rd8 16. Qd2 fxe4 17. Rd1 d5 18. c4 dxc4 19. Nd6+ Kf8 20. Qh6+ Kg8 21. 0-0 Nd4 22. Rxd4 exd4 23. Nf5 Qe5 24. Qg5+ Kf8 25. Qxd8+ Qe8 26. Qd6+ Kg8 27. Qg3+ Kf8 28. Qg7# 1-0

[Event "Warsaw Maciei Memorial"]
[Site "Warsaw"]
[Date "2023.07.10"]
[Round "1"]
[White "Koziorowicz, Michal"]
[Black "Szarfemberg, Pawel"]
[Result "1-0"]
[WhiteElo "2307"]
[BlackElo "1593"]
[PlyCount "57"]
[EventDate "2023.07.10"]
[EventType "swiss (blitz)"]
[EventRounds "11"]
[EventCountry "POL"]
[SourceTitle "CBM 215 Extra"]
[Source "ChessBase"]
[SourceDate "2023.09.30"]
[SourceVersion "1"]
[SourceVersionDate "2023.09.30"]
[SourceQuality "1"]

1. e4 c5 2. Nf3 Nc6 3. Bb5 d6 4. 0-0 Nf6 5. Re1 Bd7 6. c3 a6 7. Bf1 g6 8. d4 cxd4 9. cxd4 Bg7 10. Nc3 0-0 11. h3 b5 12. e5 dxe5 13. dxe5 Ne8 14. Bg5 h6 15. Bf4 Be6 16. a4 Qxd1 17. Rexd1 b4 18. Ne4 g5 19. Bg3 g4 20. Nd4 Nxe5 21. Nxe6 fxe6 22. hxg4 Nxg4 23. Rd2 Nef6 24. Nc5 Kf7 25. Re1 e5 26. f3 Rfc8 27. Nxa6 Rxa6 28. Bxa6 h5 29. Bxc8 1-0

[Event "Wloclawek CC Classic 22nd"]
[Site "Wloclawek"]
[Date "2019.??.??"]
[Round "2"]
[White "Cichocki, Konrad"]
[Black "Szarfemberg, Pawel"]
[Result "0-1"]
[WhiteElo "1829"]
[BlackElo "1533"]
[PlyCount "132"]
[EventDate "2019.04.??"]
[EventType "swiss"]
[EventRounds "7"]
[EventCountry "POL"]
[SourceTitle "EXT 2021"]
[Source "ChessBase"]
[SourceDate "2020.10.23"]
[SourceVersion "1"]
[SourceVersionDate "2020.10.23"]
[SourceQuality "1"]

1. c4 e6 2. Nc3 Nf6 3. Nf3 d5 4. d4 Bb4 5. Bg5 c6 6. Bxf6 Qxf6 7. e3 0-0 8. Qb3 Bxc3+ 9. Qxc3 Nd7 10. Be2 Re8 11. 0-0-0 dxc4 12. Bxc4 b6 13. Rhe1 Bb7 14. e4 Rac8 15. Kb1 h6 16. e5 Qg6+ 17. Bd3 Qxg2 18. Rg1 Qh3 19. Rg3 Qh5 20. Rdg1 c5 21. Rxg7+ Kf8 22. Be2 Qf5+ 23. Ka1 Bxf3 24. Bxf3 Ke7 25. Bg4 Qf4 26. d5 exd5 27. e6 Ne5 28. exf7 Nxf7 29. Bxc8 Rxc8 30. Qe1+ Kd7 31. Qe3 Qxe3 32. fxe3 Rf8 33. Rf1 Ke6 34. Kb1 a5 35. a4 d4 36. exd4 cxd4 37. Rf4 d3 38. Rf3 d2 39. Rg1 Rd8 40. Rd1 Ng5 41. Rb3 Rd6 42. Rb5 Ne4 43. Kc2 Rc6+ 44. Kd3 Nf2+ 45. Kxd2 Rd6+ 46. Ke2 Nxd1 47. Rb3 Kf5 48. Rf3+ Kg4 49. Rb3 Kf4 50. Rf3+ Ke4 51. Rb3 Ke5 52. Rb5+ Ke6 53. Rb3 Kd7 54. Rb5 Kc6 55. Rb3 Rd4 56. Rh3 Nxb2 57. Rxh6+ Kc7 58. Rh7+ Kd8 59. Rb7 Nxa4 60. Rg7 Rh4 61. Kd3 Rxh2 62. Kc4 Rb2 63. Ra7 Rb4+ 64. Kd3 Nc5+ 65. Kc2 Nd7 66. Kc3 Ke7 0-1

[Event "Wloclawek CC Classic 23rd"]
[Site "Wloclawek"]
[Date "2019.??.??"]
[Round "1"]
[White "Gryczewski, Tomasz"]
[Black "Szarfemberg, Pawel"]
[Result "0-1"]
[WhiteElo "1183"]
[BlackElo "1556"]
[PlyCount "68"]
[EventDate "2019.06.??"]
[EventType "swiss"]
[EventRounds "7"]
[EventCountry "POL"]
[SourceTitle "EXT 2021"]
[Source "ChessBase"]
[SourceDate "2020.10.23"]
[SourceVersion "1"]
[SourceVersionDate "2020.10.23"]
[SourceQuality "1"]

1. e4 c5 2. Nf3 Nc6 3. Bc4 e6 4. Nc3 Nge7 5. d3 d5 6. exd5 exd5 7. Bb3 Bg4 8. h3 Bh5 9. g4 Bg6 10. Bf4 a6 11. Qe2 d4 12. Nd5 Rc8 13. 0-0 Na5 14. Nc7+ Rxc7 15. Bxc7 Qxc7 16. Bd5 Qd6 17. Bb3 Nxb3 18. axb3 f6 19. Rfe1 Kd7 20. Nd2 Bf7 21. Ne4 Qc7 22. Nd2 Nd5 23. Nc4 Bd6 24. Nxd6 Qxd6 25. Qf3 Kc7 26. Rac1 Re8 27. Rxe8 Bxe8 28. c4 dxc3 29. bxc3 Bc6 30. Qf5 g6 31. Qf3 Nf4 32. Qg3 Ne2+ 33. Kh2 Qxg3+ 34. fxg3 Nxc1 0-1

[Event "Wloclawek-ch"]
[Site "Wloclawek"]
[Date "2019.??.??"]
[Round "3"]
[White "Lebiedzinski, Maciej"]
[Black "Szarfemberg, Pawel"]
[Result "1-0"]
[WhiteElo "1538"]
[BlackElo "1558"]
[PlyCount "81"]
[EventDate "2019.09.??"]
[EventType "swiss"]
[EventRounds "9"]
[EventCountry "POL"]
[SourceTitle "EXT 2021"]
[Source "ChessBase"]
[SourceDate "2020.10.23"]
[SourceVersion "1"]
[SourceVersionDate "2020.10.23"]
[SourceQuality "1"]

1. e4 c5 2. Nf3 Nc6 3. Be2 g6 4. c3 d5 5. exd5 Qxd5 6. Qb3 Qxb3 7. axb3 Bg7 8. Na3 b6 9. Nc4 Bb7 10. 0-0 Nf6 11. Re1 b5 12. Nce5 a6 13. Nd3 Nd7 14. Ng5 h6 15. Ne4 Nd4 16. Bd1 Bxe4 17. Rxe4 f5 18. Re1 c4 19. bxc4 bxc4 20. Nf4 Nc6 21. Bf3 Rc8 22. Nxg6 e5 23. Rxa6 e4 24. Nxh8 Bxh8 25. Bh5+ Ke7 26. f3 Nc5 27. Rb6 Nd3 28. Rd1 Na5 29. b4 cxb3 30. Ba3+ Kd7 31. fxe4 Nc4 32. Rxb3 Ra8 33. Bb4 fxe4 34. Bf7 Nce5 35. Bd5 Ra2 36. Bxe4 Nf4 37. Bb1 Ra6 38. Re1 Kc6 39. Be4+ Kc7 40. Bf8 Rf6 41. Rb7+ 1-0

[Event "Wloclawek CC Classic 21st"]
[Site "Wloclawek"]
[Date "2018.??.??"]
[Round "5"]
[White "Laszewska, Katarzyna"]
[Black "Szarfemberg, Pawel"]
[Result "0-1"]
[WhiteElo "1253"]
[BlackElo "1532"]
[PlyCount "112"]
[EventDate "2018.06.??"]
[EventType "swiss"]
[EventRounds "7"]
[EventCountry "POL"]
[SourceTitle "EXT 2021"]
[Source "ChessBase"]
[SourceDate "2020.10.23"]
[SourceVersion "1"]
[SourceVersionDate "2020.10.23"]
[SourceQuality "1"]

1. d4 d5 2. Bf4 Nf6 3. e3 Bf5 4. Nd2 e6 5. Be2 Bd6 6. Bg5 h6 7. Bh4 Nbd7 8. Ngf3 c6 9. Bg3 Nb6 10. Ne5 0-0 11. f4 Rc8 12. Ndf3 Ne4 13. Nh4 Bb4+ 14. Kf1 Nxg3+ 15. hxg3 Be4 16. c3 Bd6 17. Bd3 Bxe5 18. Bxe4 dxe4 19. fxe5 Qg5 20. Qe2 f6 21. Kg1 fxe5 22. Re1 Nd5 23. g4 Rf6 24. g3 Rcf8 25. Rh2 exd4 26. exd4 e3 27. c4 Rf2 28. Qd3 Qxg4 29. cxd5 Qxg3+ 30. Rg2 Qxh4 31. Qxe3 Rxg2+ 32. Kxg2 exd5 33. Qe6+ Kh8 34. Qe3 Qg4+ 35. Kh2 Rf5 36. Qg3 Qxg3+ 37. Kxg3 Rf7 38. Kg4 Kh7 39. Re2 Kg6 40. b4 h5+ 41. Kg3 Kh6 42. a4 g5 43. Re6+ Kg7 44. b5 Rc7 45. a5 cxb5 46. Rd6 Rc3+ 47. Kf2 b4 48. Rxd5 Kf6 49. Rb5 b3 50. Rxb7 Rc2+ 51. Ke3 b2 52. Kd3 Rg2 53. Ke4 h4 54. d5 h3 55. d6 h2 56. d7 Rd2 0-1

[Event "POL-chT4 Kujawsko-Pomorskie 1617"]
[Site "Poland"]
[Date "2017.02.12"]
[Round "8.24"]
[White "Tobolski, Michal"]
[Black "Szarfemberg, Pawel"]
[Result "0-1"]
[WhiteElo "1579"]
[BlackElo "1523"]
[PlyCount "112"]
[EventDate "2016.11.06"]
[EventType "team-tourn"]
[EventRounds "11"]
[EventCountry "POL"]
[SourceTitle "EXT 2019"]
[Source "ChessBase"]
[SourceDate "2018.10.10"]
[SourceVersion "1"]
[SourceVersionDate "2018.10.10"]
[SourceQuality "1"]

1. e4 e5 2. Nf3 Nc6 3. c3 Nf6 4. Bc4 Be7 5. 0-0 d6 6. d4 exd4 7. Nxd4 0-0 8. Nxc6 bxc6 9. Qc2 Re8 10. Bg5 h6 11. Bxf6 Bxf6 12. Nd2 Qe7 13. Rfe1 Be6 14. Bd3 d5 15. e5 Bg5 16. Nf3 c5 17. g3 Bg4 18. Nxg5 hxg5 19. Bf5 Bxf5 20. Qxf5 d4 21. c4 Qe6 22. Qxe6 Rxe6 23. Rad1 a5 24. a4 Rb8 25. Rb1 Reb6 26. Re2 Rb4 27. b3 Rxc4 28. bxc4 Rxb1+ 29. Kg2 Rb4 30. e6 fxe6 31. Rxe6 Rxa4 32. Ra6 Rxc4 33. Rxa5 Rc1 34. Kf3 c4 35. Rc5 d3 36. Ke3 Re1+ 37. Kd2 Re2+ 38. Kd1 Rc2 39. Rxc7 c3 40. Rd7 Rd2+ 41. Kc1 Kh7 42. f4 gxf4 43. gxf4 Kg6 44. Rd5 Kf6 45. h4 Ke6 46. Rd4 Kf5 47. h5 Kg4 48. h6 gxh6 49. Rc4 Rc2+ 50. Kd1 h5 51. Ra4 Rd2+ 52. Kc1 h4 53. f5+ Kg3 54. f6 h3 55. f7 h2 56. Rg4+ Kxg4 0-1

[Event "Wloclawek CC Classic 11th"]
[Site "Wloclawek"]
[Date "2014.??.??"]
[Round "3"]
[White "Felski, Krzysztof"]
[Black "Szarfemberg, Pawel"]
[Result "1-0"]
[WhiteElo "1800"]
[BlackElo "1491"]
[PlyCount "117"]
[EventDate "2014.06.??"]
[EventType "swiss"]
[EventRounds "7"]
[EventCountry "POL"]
[SourceTitle "EXT 2021"]
[Source "ChessBase"]
[SourceDate "2020.10.23"]
[SourceVersion "1"]
[SourceVersionDate "2020.10.23"]
[SourceQuality "1"]

1. d4 d5 2. c4 e6 3. Nf3 Nf6 4. Bg5 h6 5. Bxf6 Qxf6 6. g3 Bb4+ 7. Nc3 c5 8. cxd5 exd5 9. Bg2 Nc6 10. e3 Bg4 11. 0-0 Rd8 12. h3 Bxc3 13. bxc3 Bxf3 14. Qxf3 Qxf3 15. Bxf3 c4 16. Rab1 b6 17. e4 Ne7 18. exd5 Nxd5 19. Rfe1+ Kf8 20. Bxd5 Rxd5 21. Rb4 b5 22. a4 a6 23. axb5 axb5 24. Reb1 Ke7 25. Rxb5 Rxb5 26. Rxb5 Rc8 27. Kg2 Ke6 28. f4 f6 29. g4 g6 30. h4 Ra8 31. Rc5 Ra4 32. Kf3 g5 33. fxg5 hxg5 34. hxg5 fxg5 35. Ke4 Kd6 36. Rxg5 Ra3 37. Rc5 Rxc3 38. Kf5 Rf3+ 39. Kg5 c3 40. Kg6 Rd3 41. g5 Rxd4 42. Rxc3 Ke6 43. Rf3 Rh4 44. Rf6+ Ke7 45. Kg7 Rh3 46. g6 Rh4 47. Rf1 Rh2 48. Re1+ Kd7 49. Kg8 Rh3 50. g7 Rh2 51. Rf1 Ke7 52. Re1+ Kd7 53. Re4 Kd6 54. Kf7 Rf2+ 55. Kg6 Rg2+ 56. Kf6 Kd7 57. Re5 Kd6 58. Rg5 Rf2+ 59. Kg6 1-0

[Event "Wloclawek CC Classic 10th"]
[Site "Wloclawek"]
[Date "2014.??.??"]
[Round "4"]
[White "Oborski, Zbigniew"]
[Black "Szarfemberg, Pawel"]
[Result "0-1"]
[WhiteElo "1400"]
[BlackElo "1475"]
[PlyCount "90"]
[EventDate "2014.04.??"]
[EventType "swiss"]
[EventRounds "7"]
[EventCountry "POL"]
[SourceTitle "EXT 2021"]
[Source "ChessBase"]
[SourceDate "2020.10.23"]
[SourceVersion "1"]
[SourceVersionDate "2020.10.23"]
[SourceQuality "1"]

1. d4 d5 2. Nf3 Bf5 3. e3 e6 4. Bd3 Bg6 5. Bxg6 hxg6 6. c3 Nf6 7. Nbd2 Bd6 8. g3 Nbd7 9. Qb3 b6 10. Ng5 c5 11. Qb5 Rc8 12. e4 cxd4 13. e5 Bxe5 14. f4 Rc5 15. Qa6 Ra5 16. Qb7 Qb8 17. Qc6 Rc5 18. Qa4 dxc3 19. bxc3 Bxc3 20. Rb1 a5 21. Ba3 b5 22. Bxc5 bxa4 23. Rxb8+ Nxb8 24. Ke2 Nbd7 25. Bd6 Bb4 26. Bc7 0-0 27. Rc1 Rc8 28. Kd1 Ne8 29. Be5 Rxc1+ 30. Kxc1 f6 31. Nxe6 fxe5 32. Nf3 exf4 33. gxf4 Bd6 34. Kd2 Kf7 35. Nfg5+ Kf6 36. Ke3 Nc7 37. Nxc7 Bxc7 38. Nh3 Kf5 39. Kf3 Nc5 40. Ke3 Ne6 41. Nf2 Bb6+ 42. Kf3 Bxf2 43. Kxf2 Kxf4 44. Ke2 Ke4 45. Kd2 d4 0-1

[Event "Wloclawek-ch"]
[Site "Wloclawek"]
[Date "2013.??.??"]
[Round "2"]
[White "Augustowski, Janusz"]
[Black "Szarfemberg, Pawel"]
[Result "1-0"]
[WhiteElo "1819"]
[BlackElo "1475"]
[PlyCount "117"]
[EventDate "2013.09.??"]
[EventType "swiss"]
[EventRounds "9"]
[EventCountry "POL"]
[SourceTitle "EXT 2021"]
[Source "ChessBase"]
[SourceDate "2020.10.23"]
[SourceVersion "1"]
[SourceVersionDate "2020.10.23"]
[SourceQuality "1"]

1. c4 c5 2. Nc3 Nc6 3. Nf3 g6 4. b3 Bg7 5. Bb2 Nf6 6. g3 0-0 7. Bg2 d6 8. d4 cxd4 9. Nxd4 Bd7 10. 0-0 a6 11. Nd5 Nxd5 12. Nxc6 Bxc6 13. Bxg7 Ne3 14. fxe3 Kxg7 15. Bxc6 bxc6 16. e4 Qb6+ 17. Kg2 c5 18. Qd5 e6 19. Qd3 Qc6 20. Kg1 e5 21. Rad1 Rfd8 22. Qe3 Ra7 23. Rd5 Rad7 24. Qg5 a5 25. Qf6+ Kg8 26. Rxe5 a4 27. Re7 Rxe7 28. Qxe7 Rf8 29. Rf6 axb3 30. axb3 Qb6 31. Qxd6 Qxb3 32. Qd3 Qb4 33. e5 Qb2 34. Qd5 Qxe2 35. Qxc5 Re8 36. Qc7 Qe1+ 37. Rf1 Qxe5 38. Qxf7+ Kh8 39. Qf6+ Qxf6 40. Rxf6 Kg7 41. Rf2 Rc8 42. Rc2 Kf6 43. Kf2 Ke5 44. Ke3 Re8 45. c5 Kd5+ 46. Kf4 h6 47. c6 Rf8+ 48. Kg4 Rc8 49. c7 Kd6 50. h4 Rxc7 51. Rxc7 Kxc7 52. h5 gxh5+ 53. Kxh5 Kd6 54. Kxh6 Ke6 55. Kg6 Ke7 56. Kg7 Ke6 57. g4 Ke5 58. g5 Ke6 59. g6 1-0

[Event "Wloclawek-ch"]
[Site "Wloclawek"]
[Date "2013.??.??"]
[Round "4"]
[White "Bedzinski, Marian"]
[Black "Szarfemberg, Pawel"]
[Result "0-1"]
[WhiteElo "1800"]
[BlackElo "1475"]
[PlyCount "106"]
[EventDate "2013.09.??"]
[EventType "swiss"]
[EventRounds "9"]
[EventCountry "POL"]
[SourceTitle "EXT 2021"]
[Source "ChessBase"]
[SourceDate "2020.10.23"]
[SourceVersion "1"]
[SourceVersionDate "2020.10.23"]
[SourceQuality "1"]

1. d4 d5 2. Nc3 Bf5 3. Bf4 e6 4. e3 Nf6 5. h3 Bb4 6. Bd3 Bxc3+ 7. bxc3 Bg6 8. Nf3 Nbd7 9. c4 c5 10. c3 Rc8 11. Bxg6 hxg6 12. Qb3 b6 13. cxd5 c4 14. Qa3 Nxd5 15. Bg3 N7f6 16. Nd2 Qe7 17. Bd6 Qd7 18. Bg3 Qe7 19. Bd6 Qd8 20. Bh2 Qd7 21. e4 Ne7 22. e5 Nfd5 23. Ne4 0-0 24. Nd6 Rc6 25. 0-0 Nf5 26. Nxf5 gxf5 27. Rac1 a5 28. Qa4 Rfc8 29. f4 Nxc3 30. Qc2 Qxd4+ 31. Kh1 Ne4 32. Rcd1 Qc5 33. Rde1 Rd8 34. Rxe4 fxe4 35. Qxe4 Rd4 36. Qc2 c3 37. Bg1 Rd2 38. Bxc5 Rxc2 39. Be3 Rxa2 40. g4 c2 41. f5 Ra3 42. Bc1 Rd3 43. Kg2 Rd1 44. Kf2 Rxf1+ 45. Kxf1 Rc5 46. fxe6 fxe6 47. Ke2 Rd5 48. h4 Rd1 49. Ba3 c1Q 50. Bxc1 Rxc1 51. g5 a4 52. Kd2 Rc5 53. h5 a3 0-1

[Event "Wloclawek CC Classic 07th"]
[Site "Wloclawek"]
[Date "2013.??.??"]
[Round "7"]
[White "Cichocki, Konrad"]
[Black "Szarfemberg, Pawel"]
[Result "0-1"]
[WhiteElo "1958"]
[BlackElo "1475"]
[PlyCount "80"]
[EventDate "2013.04.??"]
[EventType "swiss"]
[EventRounds "7"]
[EventCountry "POL"]
[SourceTitle "EXT 2021"]
[Source "ChessBase"]
[SourceDate "2020.10.23"]
[SourceVersion "1"]
[SourceVersionDate "2020.10.23"]
[SourceQuality "1"]

1. d4 d5 2. Nf3 Bf5 3. Bf4 Nf6 4. e3 e6 5. Bd3 Bg6 6. 0-0 Nbd7 7. c4 c6 8. Nc3 Bb4 9. Bxg6 hxg6 10. Qb3 Bxc3 11. bxc3 b6 12. cxd5 exd5 13. Bd6 Ne4 14. Ba3 Qc7 15. h3 Nd6 16. Ne5 Nxe5 17. dxe5 Nc4 18. Rad1 Nxa3 19. Qxa3 Qxe5 20. c4 Rh5 21. cxd5 cxd5 22. Rd4 Qe7 23. Qc1 Rd8 24. Rfd1 Qc5 25. Qd2 Ke7 26. e4 Ke6 27. Re1 Re5 28. Rc1 Qd6 29. Re1 Qc5 30. Kh2 Rd6 31. Rc1 Qb5 32. Rd1 Qd7 33. f3 f6 34. Qc3 g5 35. g3 Kf7 36. Qb3 Ke6 37. f4 gxf4 38. gxf4 Rh5 39. Qf3 g6 40. f5+ Kf7 0-1

[Event "Wloclawek CC Classic 06th"]
[Site "Wloclawek"]
[Date "2013.??.??"]
[Round "1"]
[White "Szarfemberg, Pawel"]
[Black "Felski, Krzysztof"]
[Result "1-0"]
[WhiteElo "1475"]
[BlackElo "1600"]
[PlyCount "77"]
[EventDate "2013.03.??"]
[EventType "swiss"]
[EventRounds "7"]
[EventCountry "POL"]
[SourceTitle "EXT 2021"]
[Source "ChessBase"]
[SourceDate "2020.10.23"]
[SourceVersion "1"]
[SourceVersionDate "2020.10.23"]
[SourceQuality "1"]

1. d4 Nf6 2. c4 e6 3. Nc3 b6 4. Bg5 Bb7 5. e3 Be7 6. Nf3 d5 7. cxd5 Nxd5 8. Bxe7 Qxe7 9. Bb5+ c6 10. Nxd5 exd5 11. Bd3 Nd7 12. 0-0 c5 13. Rc1 0-0 14. Qc2 h6 15. Bf5 c4 16. Bxd7 Qxd7 17. Ne5 Qe6 18. Rfe1 Bc8 19. a4 Qf5 20. e4 dxe4 21. Qxe4 Qxe4 22. Rxe4 f5 23. Ree1 Ba6 24. Nxc4 Bxc4 25. Rxc4 Rfe8 26. Rxe8+ Rxe8 27. f4 a6 28. Kf2 b5 29. axb5 axb5 30. Rc5 Re4 31. Rxf5 b4 32. d5 g6 33. Re5 Rxf4+ 34. Ke3 Rc4 35. d6 Rc6 36. d7 Rd6 37. Re8+ Kf7 38. d8Q Rxd8 39. Rxd8 1-0

[Event "Wloclawek CC Classic 06th"]
[Site "Wloclawek"]
[Date "2013.??.??"]
[Round "4"]
[White "Szarfemberg, Pawel"]
[Black "Maslankowski, Maciej"]
[Result "0-1"]
[WhiteElo "1475"]
[BlackElo "1600"]
[PlyCount "92"]
[EventDate "2013.03.??"]
[EventType "swiss"]
[EventRounds "7"]
[EventCountry "POL"]
[SourceTitle "EXT 2021"]
[Source "ChessBase"]
[SourceDate "2020.10.23"]
[SourceVersion "1"]
[SourceVersionDate "2020.10.23"]
[SourceQuality "1"]

1. e4 c5 2. Nf3 d6 3. d4 cxd4 4. Nxd4 g6 5. Be3 Bg7 6. Nc3 Nc6 7. Bb5 Bd7 8. 0-0 Nf6 9. f3 0-0 10. Kh1 a6 11. Ba4 Ne5 12. Bb3 Rc8 13. Qd2 Nc4 14. Bxc4 Rxc4 15. Nb3 b5 16. a3 Nh5 17. Bd4 Be6 18. g4 Nf6 19. g5 Nh5 20. Bxg7 Kxg7 21. Kg2 Qc8 22. Rfd1 Kg8 23. Rac1 Bh3+ 24. Kf2 Be6 25. Nd4 Bh3 26. Nd5 Qd8 27. c3 e6 28. Ne3 Rc5 29. Nb3 Rxg5 30. Qxd6 Qa8 31. f4 Nf6 32. Rd4 Rh5 33. Nd2 Ng4+ 34. Nxg4 Bxg4 35. Kg3 Bh3 36. Nf3 e5 37. fxe5 Be6 38. Rcd1 Rh3+ 39. Kf4 h6 40. Rg1 Kg7 41. Rg3 g5+ 42. Ke3 g4 43. Rxh3 gxh3 44. Qe7 Kh7 45. Qh4 Rg8 46. Qe1 Rg2 0-1

[Event "Wloclawek-ch"]
[Site "Wloclawek"]
[Date "2013.??.??"]
[Round "3"]
[White "Szarfemberg, Pawel"]
[Black "Mistera, Dominik"]
[Result "1-0"]
[WhiteElo "1475"]
[BlackElo "1400"]
[PlyCount "101"]
[EventDate "2013.09.??"]
[EventType "swiss"]
[EventRounds "9"]
[EventCountry "POL"]
[SourceTitle "EXT 2021"]
[Source "ChessBase"]
[SourceDate "2020.10.23"]
[SourceVersion "1"]
[SourceVersionDate "2020.10.23"]
[SourceQuality "1"]

1. d4 d5 2. Bg5 f6 3. Bh4 c5 4. e3 g6 5. Bb5+ Bd7 6. Bxd7+ Nxd7 7. Nf3 Bg7 8. Nc3 e6 9. 0-0 Ne7 10. dxc5 Nxc5 11. Nd4 e5 12. Nb3 b6 13. Nxc5 bxc5 14. Na4 Rc8 15. b3 0-0 16. f4 f5 17. Bxe7 Qxe7 18. Qxd5+ Kh8 19. Rad1 Rfd8 20. Qf3 e4 21. Qe2 Rd7 22. c3 Rcd8 23. Rxd7 Rxd7 24. Rd1 Bf8 25. Rxd7 Qxd7 26. c4 Qd3 27. Qxd3 exd3 28. Kf1 Kg7 29. Nb2 d2 30. Ke2 Kh6 31. Kxd2 Bd6 32. Ke2 g5 33. Kf3 Kg6 34. Nd3 h5 35. h3 h4 36. a3 Kh5 37. fxg5 Kxg5 38. b4 cxb4 39. axb4 Kf6 40. e4 fxe4+ 41. Kxe4 Ke7 42. Kd5 Bg3 43. b5 Kd8 44. Kc6 Kc8 45. Nb4 Kb8 46. Na6+ Kc8 47. c5 Bf2 48. b6 axb6 49. cxb6 Bxb6 50. Kxb6 Kd7 51. Kc5 1-0

[Event "Wloclawek-ch"]
[Site "Wloclawek"]
[Date "2012.??.??"]
[Round "1"]
[White "Bedzinski, Marian"]
[Black "Szarfemberg, Pawel"]
[Result "0-1"]
[WhiteElo "1600"]
[BlackElo "1455"]
[PlyCount "78"]
[EventDate "2012.09.??"]
[EventType "swiss"]
[EventRounds "9"]
[EventCountry "POL"]
[SourceTitle "EXT 2021"]
[Source "ChessBase"]
[SourceDate "2020.10.23"]
[SourceVersion "1"]
[SourceVersionDate "2020.10.23"]
[SourceQuality "1"]

1. d4 d5 2. e3 Bf5 3. Nf3 e6 4. g3 c6 5. Bg2 Nf6 6. Nbd2 Bd6 7. 0-0 b5 8. c3 Nbd7 9. a4 a6 10. b4 Ne4 11. Bb2 Nb6 12. a5 Na4 13. Nxe4 dxe4 14. Rxa4 exf3 15. Qxf3 bxa4 16. Qxc6+ Ke7 17. e4 Rc8 18. Qxa6 a3 19. Ba1 Bg6 20. e5 Bxe5 21. dxe5 Bd3 22. Qd6+ Qxd6 23. exd6+ Kd7 24. Rd1 Bb5 25. Bb7 Rb8 26. a6 Bc6 27. Bxc6+ Kxc6 28. c4 Rxb4 29. Bxg7 Rd8 30. Ra1 Ra4 31. Be5 Ra8 32. Rd1 Rd8 33. f4 Rxa6 34. Rc1 f6 35. Bxf6 Rxd6 36. Ra1 Rd2 37. h4 a2 38. g4 Rb6 39. h5 Rb1+ 0-1

[Event "Wloclawek CC Classic 05th"]
[Site "Wloclawek"]
[Date "2012.??.??"]
[Round "2"]
[White "Jeziorny, Janusz"]
[Black "Szarfemberg, Pawel"]
[Result "1-0"]
[WhiteElo "2000"]
[BlackElo "1800"]
[PlyCount "99"]
[EventDate "2012.06.??"]
[EventType "swiss"]
[EventRounds "7"]
[EventCountry "POL"]
[SourceTitle "EXT 2021"]
[Source "ChessBase"]
[SourceDate "2020.10.23"]
[SourceVersion "1"]
[SourceVersionDate "2020.10.23"]
[SourceQuality "1"]

1. e4 c5 2. f4 e6 3. Nf3 Nc6 4. c3 d5 5. e5 b6 6. d4 c4 7. b3 b5 8. a4 Ba6 9. axb5 Bxb5 10. bxc4 dxc4 11. Nfd2 Qd5 12. Qf3 Be7 13. Na3 Bxa3 14. Bxa3 f5 15. Qe2 Na5 16. Bc5 Nc6 17. Nxc4 Bxc4 18. Qxc4 Qe4+ 19. Be2 Kf7 20. Qd3 Qxf4 21. Qf3 Qe4 22. Qxe4 fxe4 23. Rf1+ Kg6 24. Bc4 Re8 25. Ra6 Nge7 26. Bxe7 Nxe7 27. Rxe6+ Kg5 28. Rf7 Nf5 29. Rxe8 Rxe8 30. Rxa7 Ne3 31. Bb5 Rb8 32. c4 Nc2+ 33. Kd2 Nxd4 34. Rxg7+ Kh6 35. Rg4 Nxb5 36. cxb5 Rxb5 37. Ke3 Rxe5 38. Rxe4 Rxe4+ 39. Kxe4 Kg6 40. Ke5 Kg5 41. Ke6 Kg4 42. Kf6 Kh5 43. Kg7 h6 44. Kf6 Kh4 45. Kg6 h5 46. g3+ Kg4 47. h4 Kxg3 48. Kxh5 Kf4 49. Kg6 Ke5 50. h5 1-0

[Event "Wloclawek CC Classic 05th"]
[Site "Wloclawek"]
[Date "2012.??.??"]
[Round "4"]
[White "Kujawski, Szymon"]
[Black "Szarfemberg, Pawel"]
[Result "1-0"]
[WhiteElo "1400"]
[BlackElo "1800"]
[PlyCount "65"]
[EventDate "2012.06.??"]
[EventType "swiss"]
[EventRounds "7"]
[EventCountry "POL"]
[SourceTitle "EXT 2021"]
[Source "ChessBase"]
[SourceDate "2020.10.23"]
[SourceVersion "1"]
[SourceVersionDate "2020.10.23"]
[SourceQuality "1"]

1. d4 Nf6 2. Nf3 d5 3. c4 e6 4. Nc3 c5 5. Bg5 dxc4 6. e3 cxd4 7. Nxd4 Be7 8. Bxc4 0-0 9. 0-0 h6 10. Bh4 b6 11. Be2 Bb7 12. Bf3 Nd5 13. Bxe7 Nxc3 14. Bxd8 Nxd1 15. Bxb7 Rxd8 16. Bxa8 Na6 17. Raxd1 Rxa8 18. Rc1 Nb4 19. a3 Nd3 20. Rc2 e5 21. Nf5 h5 22. Rd1 Nc5 23. b4 Ne6 24. h3 g6 25. Ng3 h4 26. Ne4 a5 27. bxa5 Rxa5 28. Rb1 Rxa3 29. Rxb6 Ra4 30. Nc5 Ra1+ 31. Kh2 Nc7 32. Nb3 Nd5 33. Rb8+ 1-0

[Event "Wloclawek-ch"]
[Site "Wloclawek"]
[Date "2012.??.??"]
[Round "7"]
[White "Kujawski, Szymon"]
[Black "Szarfemberg, Pawel"]
[Result "0-1"]
[WhiteElo "1600"]
[BlackElo "1455"]
[PlyCount "112"]
[EventDate "2012.09.??"]
[EventType "swiss"]
[EventRounds "9"]
[EventCountry "POL"]
[SourceTitle "EXT 2021"]
[Source "ChessBase"]
[SourceDate "2020.10.23"]
[SourceVersion "1"]
[SourceVersionDate "2020.10.23"]
[SourceQuality "1"]

1. d4 d5 2. c4 e6 3. Nc3 Nf6 4. Bg5 Be7 5. e3 0-0 6. Nf3 h6 7. Bh4 c6 8. Bd3 dxc4 9. Bxc4 Nd5 10. Bxe7 Qxe7 11. Qd2 Qb4 12. Bd3 Nd7 13. Nxd5 Qxd2+ 14. Nxd2 exd5 15. 0-0 Nf6 16. b4 Be6 17. Rac1 Rfc8 18. a4 a5 19. b5 cxb5 20. Bxb5 b6 21. f3 Ne8 22. Nb3 Nd6 23. Bc6 Ra7 24. h3 Nc4 25. Bb5 Nxe3 26. Rxc8+ Bxc8 27. Re1 Re7 28. Kf2 Nf5 29. Rc1 Bb7 30. Bc6 Nd6 31. Bxb7 Rxb7 32. Re1 Nc4 33. Re8+ Kh7 34. Rd8 Nb2 35. Rxd5 Nxa4 36. Rb5 Nc3 37. Nxa5 Nxb5 38. Nxb7 Nxd4 39. Ke3 Nc6 40. Ke4 Kg6 41. Nd6 Ne7 42. Kd4 Nf5+ 43. Nxf5 Kxf5 44. g3 h5 45. h4 f6 46. Kd5 g5 47. hxg5 Kxg5 48. Kc6 h4 49. gxh4+ Kxh4 50. Kxb6 Kg3 51. Kc5 Kxf3 52. Kd5 f5 53. Ke5 f4 54. Kf5 Ke3 55. Kg4 f3 56. Kg3 f2 0-1